Animals by Picture - F - Statistics

General Stats
  • This quiz has been taken 85 times
  • The average score is 10 of 16
Answer Stats
Picture Answer % Correct
Frog
100%
Flamingo
97%
Fennec Fox
91%
Fly
86%
Falcon
81%
Ferret
76%
Flea
65%
Flying Fox
62%
Flying Fish
60%
Finch
51%
Flounder
47%
Fossa
40%
Firefly
36%
Frilled Lizard
32%
Frigate Bird
28%
Fishing Cat
22%
No matching quizzes found
Score Distribution
Percent of People with Each Score
Percentile by Number Answered
Your Score History
You have not taken this quiz